Podpora medzinárodného podnikania na Slovensku
Slovensko a Rakúsko - dohoda o podpore a ochrane investícií, dohoda o zamedzení dvojitého zdanenia. Zahraničný kapitál v slovenskej ekonomike. Desať najväčších rakúskych investorov v SR. Rakúsky kapitál v SR.
Gespeichert in:
| 1. Verfasser: | |
|---|---|
| Format: | Buchkapitel |
| Sprache: | Slowakisch |
| Schlagworte: | |
| Tags: |
Keine Tags, Fügen Sie das erste Tag hinzu!
|
MARC
| LEADER | 00000naa a2200000 4500 | ||
|---|---|---|---|
| 001 | r018346 | ||
| 005 | 20221205103043.8 | ||
| 041 | 0 | |a slo | |
| 044 | |a SK | ||
| 245 | 1 | 0 | |a Podpora medzinárodného podnikania na Slovensku |c J. Olšovský |
| 520 | |a Slovensko a Rakúsko - dohoda o podpore a ochrane investícií, dohoda o zamedzení dvojitého zdanenia. Zahraničný kapitál v slovenskej ekonomike. Desať najväčších rakúskych investorov v SR. Rakúsky kapitál v SR. | ||
| 610 | 2 | 0 | |a investície zahraničné |
| 610 | 2 | 0 | |a kapitál zahraničný |
| 610 | 2 | 0 | |a zdanenie dvojité |
| 610 | 2 | 0 | |a podnikanie v zahraničí |
| 610 | 2 | 0 | |a Slovensko |
| 610 | 2 | 0 | |a Rakúsko |
| 100 | 1 | |a Olšovský, J. | |